Statistiques concernant Focus sur: Malach - Tolkien

Cliquez ici pour prendre le quiz!

Statistiques générales

  • Ce quiz a été pris 3 fois
  • Le résultat moyen est 4 sur 11

Statistiques - réponses

Informations recherchéesRéponses% Correct
Première mentionLe Silmarillion
100%
Age durant lequel il vécutPremier
100%
EspèceHomme
67%
Maison (lignée)Peuple de {Hador}
67%
ContréeHithlum
33%
FrèreImlach
33%
EpouseZimrahin
33%
FilleAdanel
0%
Autre nomAradan
0%
FilsMagor
0%
PèreMarach
0%

Distribution des résultats

Percentile par nombre de réponses

% des personnes avec chaque résultat

Votre développement - résultats

Vous n’avez pas pris ce quiz